F1 Constructors' champions - Statistics

General Stats
  • This quiz has been taken 603 times
    485 since last reset
  • The average score is 53 of 60
Answer Stats
Year Winner % Correct
2014 Mercedes
100%
2015 Mercedes
100%
2016 Mercedes
100%
2017 Mercedes
100%
1961 Ferrari
99%
1964 Ferrari
99%
1975 Ferrari
99%
1976 Ferrari
99%
1977 Ferrari
99%
1979 Ferrari
99%
1982 Ferrari
99%
1983 Ferrari
99%
1999 Ferrari
99%
2000 Ferrari
99%
2001 Ferrari
99%
2002 Ferrari
99%
2003 Ferrari
99%
2004 Ferrari
99%
2007 Ferrari
99%
2008 Ferrari
99%
2010 Red Bull Renault
99%
2011 Red Bull Renault
99%
2012 Red Bull Renault
99%
2013 Red Bull Renault
99%
1974 McLaren Ford
97%
1988 McLaren Honda
97%
1989 McLaren Honda
97%
1990 McLaren Honda
97%
1991 McLaren Honda
97%
1998 McLaren Mercedes
97%
1984 McLaren TAG
97%
1985 McLaren TAG
97%
2005 Renault
93%
2006 Renault
93%
1980 Williams Ford
92%
1981 Williams Ford
92%
1986 Williams Honda
92%
1987 Williams Honda
92%
1992 Williams Renault
92%
1993 Williams Renault
92%
1994 Williams Renault
92%
1996 Williams Renault
92%
1997 Williams Renault
92%
2009 Brawn Mercedes
91%
1995 Benetton Renault
79%
1963 Lotus Climax
76%
1965 Lotus Climax
76%
1968 Lotus Ford
76%
1970 Lotus Ford
76%
1972 Lotus Ford
76%
1973 Lotus Ford
76%
1978 Lotus Ford
76%
1966 Brabham Repco
67%
1967 Brabham Repco
67%
1971 Tyrrell Ford
53%
1962 BRM
48%
1959 Cooper Climax
48%
1960 Cooper Climax
48%
1958 Vanwall
43%
1969 Matra Ford
39%
No matching quizzes found
Score Distribution
Percent of People with Each Score
Percentile by Number Answered
Your Score History
You have not taken this quiz since the last reset